| 000 | 01281nam a2200229Ia 4500 | ||
|---|---|---|---|
| 999 |
_c39179 _d39179 |
||
| 001 | 5763 | ||
| 003 | GE_BSU | ||
| 005 | 20190426220041.0 | ||
| 008 | 181216s1970||||ge |||||||||||||| ||geo|| | ||
| 040 | _cGE_BSU | ||
| 041 | _ageo | ||
| 080 | _a624.012.4(072) რ-70 | ||
| 245 |
_aრკინაბეტონის კონსტრუქციების ელემენტების გაანგარიშების მაგალითები : _bმეთოდური სახელმძღვ. / _cშემდგ. : უ.კოჩიევი, ი.ბიუსი ; რედ. ე.კირვალიძე. |
||
| 264 |
_aთბილისი : _bსპი, _c1970. |
||
| 300 |
_a90 გვ. : _bნახაზები ; _c20 სმ. |
||
| 653 | _aრკინაბეტონის კონსტრუქციების ელემენტების გაანგარიშება | ||
| 653 | _aრკინაბეტონის კონსტრუქციები | ||
| 700 |
_aკოჩიევი, ე. _eშემდგენელი _9508 |
||
| 700 |
_aბიუსი, ი. _eშემდგენელი _9471 |
||
| 700 |
_aკირვალიძე, ე. _eრედაქტორი _9492 |
||
| 942 |
_cBK _2udc |
||